| Tag |
First Indicator |
Second Indicator |
Subfields |
| LEADER |
00000cam a22000001 4500 |
| 001 |
in00000079382 |
| 005 |
20151008052837.0 |
| 008 |
711007s1967 ilu 00010beng |
| 010 |
|
|
|a 67025514
|
| 035 |
|
|
|a (OCoLC)00177527
|
| 035 |
|
|
|9 AAH5133AM
|
| 040 |
|
|
|a DLC
|c DLC
|d TXA
|d UtOrBLW
|
| 041 |
1 |
|
|a eng
|a rus
|
| 049 |
|
|
|a TXAM
|c [476963]
|
| 050 |
|
0 |
|a LB675.T6
|b T63
|
| 082 |
0 |
|
|a 370.1/0924
|
| 092 |
|
|
|a 370.1
|b T654t, 1967
|
| 100 |
1 |
|
|a Tolstoy, Leo,
|c graf,
|d 1828-1910.
|
| 245 |
1 |
0 |
|a Tolstoy on education /
|c Translated from the Russian by Leo Wiener. With an introd. by Reginald D. Archambault.
|
| 264 |
|
1 |
|a Chicago :
|b University of Chicago Press,
|c [1967]
|
| 300 |
|
|
|a xviii, 360 pages ;
|c 21 cm.
|
| 336 |
|
|
|a text
|b txt
|2 rdacontent
|
| 337 |
|
|
|a unmediated
|b n
|2 rdamedia
|
| 338 |
|
|
|a volume
|b nc
|2 rdacarrier
|
| 650 |
|
0 |
|a Education
|x Philosophy.
|
| 999 |
|
|
|a MARS
|
| 999 |
f |
f |
|s a2d8c217-0f71-3204-b6ef-4497cf8449c7
|i c63aaf2e-0532-389d-afb2-90f1650d41f6
|t 0
|
| 952 |
f |
f |
|p ric
|a Texas A&M University
|b Rellis Campus
|c Joint Library Facility
|d Remote Storage
|t 0
|e LB675.T6 T63
|h Library of Congress classification
|i unmediated -- volume
|m A14800819927
|
| 998 |
f |
f |
|a LB675.T6 T63
|t 0
|l Remote Storage
|